عرض عادي
عرض مارك
- Aitchison, Ian Johnston Rhind,
مدخل إسم شخص
001 - رقم الضبط
- حقل الضبط: 8922
003 - معرف رقم الضبط
- حقل الضبط: OSt
005 - تاريخ ووقت أخر عملية
- حقل الضبط: 20111222130054.0
008 - عناصر بيانات ثابتة الطول
- حقل تحكم ثابت الطول: 111222|||a|||||| | ||| d
040 ## - مصدر الفهرسة
- هيئة الفهرسة الأصلية: OSt
- وكالة الكتابة: OSt
100 ## - مدخل -- أسم شخص
- إسم شخص: Aitchison, Ian Johnston Rhind,
- تواريخ مرتبطة بالاسم: 1936-
670 ## - بيانات المصدر موجوده
- الاستشهاد بالمصدر: Work cat.: (OSt)3596: Aitchison, Ian Johnston Rhind, 1936-, Gauge theories in particle physics :, c2003-c2004.
